| 000 | 00807cam a2200265 i 4500 | ||
|---|---|---|---|
| 001 | 4602064 | ||
| 005 | 20230420105147.0 | ||
| 008 | 760406s1974 sz a i000 0 eng | ||
| 010 | _a 76357322 | ||
| 015 | _aSw*** | ||
| 020 |
_a924154046X : _c12.00F |
||
| 040 |
_aDLC _cDLC _dDLC |
||
| 050 | 0 | 0 |
_aRC685.I6 _bO4 |
| 082 | 0 | 0 |
_a610.7 _bDEA |
| 100 | 1 |
_aDeal, Jacquelyn _9111982 |
|
| 245 | 1 | 0 |
_aIntensive Coronary Care / _cDeal, Jacquelyn |
| 260 |
_aUSA, _c1996. |
||
| 300 |
_a80 p. : _bill. ; _c24 cm. |
||
| 650 | 0 |
_aMyocardial infarction. _9111983 |
|
| 650 | 0 |
_aCoronary care units. _9111984 |
|
| 700 | 1 |
_aJulian, Desmond G. _q(Desmond Gareth), _ejoint author. _9111985 |
|
| 700 | 1 |
_aBrown, Myra G., _ejoint author. _9111986 |
|
| 906 |
_a7 _bcbc _corignew _d4 _encip _f19 _gy-gencatlg |
||
| 942 |
_2ddc _cBK |
||
| 999 |
_c594558 _d594558 |
||